| 000 | 00480nam a2200193Ia 4500 | ||
|---|---|---|---|
| 008 | 170203s9999 xx 000 0 und d | ||
| 020 | _a0-439557046 | ||
| 050 | _aFic | ||
| 050 | _b.177D732t 2003 | ||
| 100 | _aDougherty, Brandi | ||
| 245 | 4 | _aThe Friendship Survival Guide / | |
| 245 | _cBrandi Dougherty. | ||
| 260 | _aNew York : | ||
| 260 | _bScholastic Inc., | ||
| 260 | _c2003 | ||
| 300 | _a62 pages ; | ||
| 650 | _aFriendship-- | ||
| 650 | _xJuvenile Literature. | ||
| 999 |
_c305981 _d305981 |
||